LIBRARY & INFORMATION CENTRE, KCAET, TAVANUR

ONLINE PUBLIC ACCESS CATALOGUE (OPAC)

Fifteenth congress on irrigation and drainage , Hague, Netherlands 1993 vol-1-B / (Record no. 5829)

MARC details
000 -LEADER
fixed length control field 00439cam a2200157ua 4500
003 - CONTROL NUMBER IDENTIFIER
control field OSt
008 - FIXED-LENGTH DATA ELEMENTS--GENERAL INFORMATION
fixed length control field 250219b |||||||| |||| 00| 0 eng d
020 ## - INTERNATIONAL STANDARD BOOK NUMBER
ISBN 81 85068 35 6
041 ## - LANGUAGE CODE
Language code of text/sound track or separate title eng
082 ## - DEWEY DECIMAL CLASSIFICATION NUMBER
Classification number 028.7463
100 ## - MAIN ENTRY--AUTHOR NAME
Personal name ICID, .
245 00 - TITLE STATEMENT
Title Fifteenth congress on irrigation and drainage , Hague, Netherlands 1993 vol-1-B /
260 ## - PUBLICATION, DISTRIBUTION, ETC. (IMPRINT)
Place of publication Hague, Netherland:
Name of publisher ICID and CIID ,
Year of publication 1993.
300 ## - PHYSICAL DESCRIPTION
Number of Pages 949 ; .
942 ## - ADDED ENTRY ELEMENTS (KOHA)
Koha item type Books
Holdings
Withdrawn status Lost status Damaged status Home library Current library Date acquired Full call number Accession Number Koha item type
      KAUAET   07/04/2012 028.7463 20273 Books
free website counter